01335agaaa2200313 45000010005000000030009000050050017000140070009000310080040000400400023000800410013001031000050001161300025001662400028001912450155002192460021003742500022003952600103004173000033005205080070005535110078006235200049007015380016007505460013007666500056007797000062008357000064008977000060009611543IT-RoPAU20220918181251.0d cvaizq50131s9999||||xx ||| | || ||und|| aIT-RoPAUcIT-RoPAU aITALIANO aGherassimov SergejgCodice regista SPICS: 485 aGIOVANE GUARDIA (LA) aMOLODOJA GVARDIAgT1676 aGIOVANE GUARDIA (LA)cSceneggiatura: Gherassimov Sergej -- Diretto da: Gherassimov SergejpGIOVANE GUARDIA (LA) (Rif. Codice opera principale : 21543) aMOLODOJA GVARDIA aEdizione Standard aMOSCA (RUSSIA)bSOJUZDETFILM / Distribuzione: RAIg"1947 (1° ed.: 1983 ; Ed. Lingua Orig.: 1947)" aVHSbsonoro, b&wc120 minuti a"Musica: Sostakovic Dmitrij; Sceneggiatura: Gherassimov Sergej; " a"Makarova Tamara; Makarova Inna; Gurzo Sergej; Ivanov V.; Khokhrjakov V." aFILM IN BIANCO E NERO GUERRA TEDESCHI RUSSIA aPAL, STEREO aITALIANO aDRAMMATICOeFILMS [VHS]xCodice MATERIA SPICS: 9960 aGherassimov Sergej e(regista)gCodice regista SPICS: 485 aGherassimov Sergej e(soggetto)gCodice Soggetto SPICS: 485 aSostakovic Dmitrije(musica)gCodice Musica SPICS: 1111